00878cam a2200253 450000100060000000300080000600500170001400800410003102000150007203500190008704000320010604100080013808200280014610000420017424500540021626000300027030000450030050400360034560000260038170000400040794200120044799900170045995201480047624365BD-RjUL20211209001036.0140313s1969 enkabc b 001 0beng d a0080071015 a(BD-RjUL)24431 aDLCcDLCdDLCdBD-RjULbeng aeng00a940.409420924bTUN 19691 aTurner, P. W.q(Philip Wilson)97500910aNot for glory /cby P. W. Turner and R. H. Haigh. aLondon :bMaxwell,c1969. a113 p. :billus., maps, ports. ;c23 cm. aBibliography: p. 110. and Index10aHall, Gilbert.9750151 aHaigh, R. H.,ejoint author.975011 2ddccBK c24365d24365 00102ddc40728NFICaRUCLbRUCLcReadingd1972-08-02eBook centreg46.20l0o940.409420924 TUN 1969r2014-03-13 00:00:00tC-1w2014-03-13yBK